Introduction to forensic and criminal psychology / (Record no. 117430)
[ view plain ]
| 000 -LEADER | |
|---|---|
| fixed length control field | 00543nam a2200181Ia 4500 |
| 008 - FIXED-LENGTH DATA ELEMENTS--GENERAL INFORMATION | |
| fixed length control field | 140527s9999 xx 000 0 und d |
| 020 ## - INTERNATIONAL STANDARD BOOK NUMBER | |
| International Standard Book Number | 9780273736219 |
| 050 ## - LIBRARY OF CONGRESS CALL NUMBER | |
| Classification number | HV 6080 |
| Item number | .H69 2012 |
| 100 ## - MAIN ENTRY--PERSONAL NAME | |
| Personal name | Howitt, Dennis. |
| 245 ## - TITLE STATEMENT | |
| Title | Introduction to forensic and criminal psychology / |
| Statement of responsibility, etc | Dennis Howitt |
| 250 ## - EDITION STATEMENT | |
| Edition statement | 4th ed. |
| 260 ## - PUBLICATION, DISTRIBUTION, ETC. (IMPRINT) | |
| Place of publication, distribution, etc | Harlow, England : |
| Name of publisher, distributor, etc | Pearson, |
| Date of publication, distribution, etc | c2012. |
| 300 ## - PHYSICAL DESCRIPTION | |
| Extent | 604 p. : |
| Other physical details | col. ill. ; |
| Dimensions | 25 cm. |
| 500 ## - GENERAL NOTE | |
| General note | Includes bibliographical references and index. |
| 521 ## - TARGET AUDIENCE NOTE | |
| Target audience note | |
| 942 ## - ADDED ENTRY ELEMENTS (KOHA) | |
| Call number prefix | Foreign |
| Koha item type | Books |
| Withdrawn status | Lost status | Source of classification or shelving scheme | Damaged status | Home library | Current library | Shelving location | Date acquired | Source of acquisition | Cost, normal purchase price | Total Checkouts | Total Renewals | Full call number | Barcode | Date last seen | Date checked out | Price effective from | Koha item type |
|---|---|---|---|---|---|---|---|---|---|---|---|---|---|---|---|---|---|
| Library of Congress Classification | College Library | College Library | Graduate Section | 05/28/2014 | Donation | 2749.63 | 2 | 13 | HV 6080 .H69 2012 | C18038 | 11/12/2018 | 08/18/2018 | 05/28/2014 | Books |